Logistic regression using the SAS system : (Record no. 35127)

MARC details
000 -LEADER
fixed length control field 01224cam a2200337 a 4500
001 - CONTROL NUMBER
control field 11762900
003 - CONTROL NUMBER IDENTIFIER
control field OSt
005 - DATE AND TIME OF LATEST TRANSACTION
control field 20220418133642.0
008 - FIXED-LENGTH DATA ELEMENTS--GENERAL INFORMATION
fixed length control field 990629s1999 ncua b 001 0 eng d
010 ## - LIBRARY OF CONGRESS CONTROL NUMBER
LC control number 99227423
020 ## - INTERNATIONAL STANDARD BOOK NUMBER
International Standard Book Number 1580253520
035 ## - SYSTEM CONTROL NUMBER
System control number (DLC) 99227423
035 ## - SYSTEM CONTROL NUMBER
System control number (OCoLC)41627684
040 ## - CATALOGING SOURCE
Original cataloging agency NvLEPA
Transcribing agency HU
Modifying agency DLC
042 ## - AUTHENTICATION CODE
Authentication code lccopycat
050 00 - LIBRARY OF CONGRESS CALL NUMBER
Classification number QA278.2
Item number .A4348 1999
082 00 - DEWEY DECIMAL CLASSIFICATION NUMBER
Classification number 519.5/36/0285
Edition number 21
100 1# - MAIN ENTRY--PERSONAL NAME
Personal name Allison, Paul David.
9 (RLIN) 36426
245 10 - TITLE STATEMENT
Title Logistic regression using the SAS system :
Remainder of title theory and application /
Statement of responsibility, etc. Paul D. Allison.
246 30 - VARYING FORM OF TITLE
Title proper/short title Logistic regression
260 ## - PUBLICATION, DISTRIBUTION, ETC.
Place of publication, distribution, etc. Cary, N.C. :
Name of publisher, distributor, etc. SAS Institute,
Date of publication, distribution, etc. c1999.
300 ## - PHYSICAL DESCRIPTION
Extent vi, 288 p. :
Other physical details ill. ;
Dimensions 28 cm.
504 ## - BIBLIOGRAPHY, ETC. NOTE
Bibliography, etc. note Includes bibliographical references (p. 275-278) and index.
630 00 - SUBJECT ADDED ENTRY--UNIFORM TITLE
Uniform title SAS (Computer file)
9 (RLIN) 22200
650 #0 - SUBJECT ADDED ENTRY--TOPICAL TERM
Topical term or geographic name entry element Regression analysis
General subdivision Data processing.
9 (RLIN) 36427
710 2# - ADDED ENTRY--CORPORATE NAME
Corporate name or jurisdiction name as entry element SAS Institute.
9 (RLIN) 36428
906 ## - LOCAL DATA ELEMENT F, LDF (RLIN)
a 7
b cbc
c copycat
d 2
e ncip
f 19
g y-gencatlg
942 ## - ADDED ENTRY ELEMENTS (KOHA)
Source of classification or shelving scheme Dewey Decimal Classification
Koha item type Books like text book referance book
Suppress in OPAC No
Holdings
Withdrawn status Lost status Source of classification or shelving scheme Damaged status Not for loan Collection code Home library Current library Shelving location Date acquired Total Checkouts Full call number Barcode Date last seen Copy number Price effective from Koha item type
    Dewey Decimal Classification     Reference Wondo Genet Library Wondo Genet Library General Stacks 04/18/2022   519.5/36/0285 ALL 1999 WGCFNRL00019702 04/18/2022 1 04/18/2022 Books like text book referance book